000 00383nam a2200157Ia 4500
005 20250507120320.0
008 231217s9999 xx 000 0 und d
020 _a9780071622462
082 _a620.106 RAB;1
100 _aRabie, Galal M.
245 0 _aFluid power engineering
260 _c2009
_bMac Graw Hill
_aNew York
300 _axx, 420
650 _aFluid
942 _cAA
999 _c185050
_d185050